000 00684nam a22002297a 4500
005 20170124110147.0
010 _aA-826787
020 _c00.00
035 _aA-826787
037 _bCen Lib/Ret
040 _aDPL
_bEN
082 _a658.15
_bPAN
100 _aPandey, I M
_933657
245 _aEssentials of financial management /
_cby I M Pandey
260 _bVikas Publishing House
_aNew Delhi
_c1995
270 _a576 Masjid Road, Jangpura
_bNew Delhi
_e110014
300 _axiii,486p.
_c20cm(Hb)
500 _aIncludes index
650 _aBusiness enterprises -- Finance
_915180
650 _aFinancial management
_933658
942 _2ddc
_cEN
_h658.15
_mPAN
999 _c132084
_d132084